| 000 | 01034nam a2200265 a 4500 | ||
|---|---|---|---|
| 001 | 48933 | ||
| 003 | BD-RjUL | ||
| 005 | 20211209054617.0 | ||
| 008 | 160810s1957 bg ||||| |||| 00| 0 ben d | ||
| 020 | _c: PRs. 3.50 | ||
| 035 | _a(BD-RjUL)49052 | ||
| 040 |
_aBD-RjUL _bben _cBD-RjUL _dBD-RjUL |
||
| 041 | _aben | ||
| 082 |
_a398.2 _bIJM 1957 _223 |
||
| 100 |
_aইজদানী, রওশন _9136983 |
||
| 245 | 1 | 0 |
_aমোমেনশাহীর লোক-সাহিত্য / _cরওশন ইজদানী |
| 250 | _a১ম সং. | ||
| 260 |
_aঢাকা : _bবাঙলা একাডেমী, _c১৯৫৭ (১৩৬৪) |
||
| 300 |
_a১৩৮ পৃ. ; _c২৪ সেমি. |
||
| 490 |
_aলোক-সাহিত্য-সংগ্রহ-গ্রন্থমালা - _v১ |
||
| 650 |
_aলোকসাহিত্য _9145352 |
||
| 650 |
_aFolk Literature _9145353 |
||
| 830 |
_aলোক-সাহিত্য-সংগ্রহ-গ্রন্থমালা - _v১ _9147377 |
||
| 942 |
_2ddc _cBK |
||
| 999 |
_c48933 _d48933 |
||